|
|
|
|
| LEADER |
02374nam a2200601 i 4500 |
| 001 |
nkc20203266235 |
| 003 |
CZ PrNK |
| 005 |
20210518133836.0 |
| 007 |
ta |
| 008 |
201125s2020 xr aeh e f 000 0 cze |
| 015 |
|
|
|a cnb003266235
|
| 020 |
|
|
|a 978-80-87828-53-3
|q (brožováno)
|
| 035 |
|
|
|a (OCoLC)1257528885
|
| 040 |
|
|
|a OLA001
|b cze
|e rda
|
| 043 |
|
|
|a e-xr---
|b e-xr-pg
|2 czenas
|
| 045 |
|
|
|a w-y-
|
| 072 |
|
7 |
|a 069
|x Muzea. Muzeologie. Muzejnictví. Výstavy
|2 Konspekt
|9 12
|
| 080 |
|
|
|a 069(1-21)
|2 MRF
|
| 080 |
|
|
|a 727.7
|2 MRF
|
| 080 |
|
|
|a 72.012.1
|2 MRF
|
| 080 |
|
|
|a 069.5:902
|2 MRF
|
| 080 |
|
|
|a (437.311)
|2 MRF
|
| 080 |
|
|
|a (036)
|2 MRF
|
| 100 |
1 |
|
|a Státníková, Pavla,
|d 1962-
|7 mzk2003187528
|4 aut
|
| 245 |
1 |
0 |
|a Muzeum města Prahy na Těšnově? /
|c Pavla Státníková, Miroslava Šmolíková
|
| 264 |
|
1 |
|a [Praha] :
|b Muzeum hlavního města Prahy,
|c 2020
|
| 300 |
|
|
|a 207 stran :
|b ilustrace (některé barevné), plány, faksimile ;
|c 22 cm
|
| 336 |
|
|
|a text
|b txt
|2 rdacontent
|
| 336 |
|
|
|a statický obraz
|b sti
|2 rdacontent
|
| 337 |
|
|
|a bez média
|b n
|2 rdamedia
|
| 338 |
|
|
|a svazek
|b nc
|2 rdacarrier
|
| 504 |
|
|
|a Obsahuje bibliografii
|
| 610 |
2 |
7 |
|a Muzeum hlavního města Prahy
|7 kn20010709064
|2 czenas
|
| 648 |
|
7 |
|a 21. století
|7 ch460559
|2 czenas
|
| 648 |
|
7 |
|a 19.-21. století
|7 ch757016
|2 czenas
|
| 650 |
0 |
7 |
|a městská muzea
|7 ph123099
|z Česko
|y 19.-21. století
|2 czenas
|
| 650 |
0 |
7 |
|a muzejní budovy
|7 ph135197
|z Česko
|y 19.-21. století
|2 czenas
|
| 650 |
0 |
7 |
|a architektonické projekty
|7 ph137760
|z Česko
|y 21. století
|2 czenas
|
| 650 |
0 |
7 |
|a archeologické sbírky
|7 ph117095
|z Česko
|2 czenas
|
| 650 |
0 |
9 |
|a municipal museums
|z Czechia
|y 19th-21st centuries
|2 eczenas
|
| 650 |
0 |
9 |
|a museum buildings
|z Czechia
|y 19th-21st centuries
|2 eczenas
|
| 650 |
0 |
9 |
|a architectural projects
|z Czechia
|y 21st century
|2 eczenas
|
| 650 |
0 |
9 |
|a archaeological collections
|z Czechia
|2 eczenas
|
| 651 |
|
7 |
|a Praha (Česko)
|7 ge118011
|2 czenas
|
| 651 |
|
9 |
|a Prague (Czechia)
|2 eczenas
|
| 655 |
|
7 |
|a informační publikace
|7 fd132454
|2 czenas
|
| 655 |
|
9 |
|a information publications
|2 eczenas
|
| 700 |
1 |
|
|a Šmolíková, Miroslava,
|d 1958-
|7 jx20111025030
|4 aut
|
| 910 |
2 |
|
|a BOA001
|b 2-1463.660
|
| 990 |
|
|
|a BK
|
| 995 |
|
|
|a 01
|
| 991 |
|
|
|b 202105
|c NOV
|
| 996 |
6 |
|
|b 2610861837
|c 2-1463.660
|l MZK
|r Sklad / do 1 hodiny
|n 0
|p p.v.
|w 001847724
|u 000010
|a 1
|e BOA001
|j MZK50
|s P
|